All Formula 1 race winner ever - Statistics

General Stats
  • This quiz has been taken 91 times
    65 since last reset
  • The average score is 64 of 109
Answer Stats
Nation Driver Wins First Win % Correct
United Kingdom Lewis Hamilton 89 2007 Canadian Grand Prix
94%
Netherlands Max Verstappen 10 2016 Spanish Grand Prix
94%
France Pierre Gasly 1 2020 Italian Grand Prix
94%
Finland Valtteri Bottas 8 2017 Russian Grand Prix
94%
Monaco Charles Leclerc 2 2019 Belgian Grand Prix
92%
Australia Daniel Ricciardo 7 2014 Canadian Grand Prix
92%
Argentina Juan Manuel Fangio 24 1950 Monaco Grand Prix
92%
Germany Michael Schumacher 91 1992 Belgian Grand Prix
92%
Germany Ralf Schumacher 6 2001 San Marino Grand Prix
92%
Germany Sebastian Vettel 53 2008 Italian Grand Prix
92%
Brazil Ayrton Senna 41 1985 Portuguese Grand Prix
90%
Finland Keke Rosberg 5 1982 Swiss Grand Prix
90%
Australia Mark Webber 9 2009 German Grand Prix
90%
Germany Nico Rosberg 23 2012 Chinese Grand Prix
90%
France Alain Prost 51 1981 French Grand Prix
88%
Finland Kimi Räikkönen 21 2003 Malaysian Grand Prix
88%
Finland Mika Häkkinen 20 1997 European Grand Prix
88%
Italy Alberto Ascari 13 1951 German Grand Prix
86%
Spain Fernando Alonso 32 2003 Hungarian Grand Prix
86%
Brazil Nelson Piquet 23 1980 United States Grand Prix West
86%
Austria Niki Lauda 25 1974 Spanish Grand Prix
86%
United Kingdom Damon Hill 22 1993 Hungarian Grand Prix
84%
Brazil Felipe Massa 11 2006 Turkish Grand Prix
84%
Canada Gilles Villeneuve 6 1978 Canadian Grand Prix
84%
Italy Giuseppe Farina 5 1950 British Grand Prix
84%
United Kingdom Graham Hill 14 1962 Dutch Grand Prix
84%
Canada Jacques Villeneuve 11 1996 European Grand Prix
84%
United States Phil Hill 3 1960 Italian Grand Prix
84%
Poland Robert Kubica 1 2008 Canadian Grand Prix
84%
Brazil Rubens Barrichello 11 2000 German Grand Prix
84%
United Kingdom Jenson Button 15 2006 Hungarian Grand Prix
82%
Germany Jochen Mass 1 1975 Spanish Grand Prix
82%
Colombia Juan Pablo Montoya 7 2001 Italian Grand Prix
82%
Venezuela Pastor Maldonado 1 2012 Spanish Grand Prix
82%
South Africa Jody Scheckter 10 1974 Swedish Grand Prix
80%
New Zealand Denny Hulme 8 1967 Monaco Grand Prix
78%
Finland Heikki Kovalainen 1 2008 Hungarian Grand Prix
78%
Australia Jack Brabham 14 1959 Monaco Grand Prix
78%
United Kingdom Nigel Mansell 31 1985 European Grand Prix
78%
United Kingdom Stirling Moss 16 1955 British Grand Prix
78%
Australia Alan Jones 12 1977 Austrian Grand Prix
76%
United Kingdom Jackie Stewart 27 1965 Italian Grand Prix
76%
United States Mario Andretti 12 1971 South African Grand Prix
76%
United Kingdom David Coulthard 13 1995 Portuguese Grand Prix
74%
Austria Jochen Rindt 6 1969 United States Grand Prix
74%
New Zealand Bruce McLaren 4 1959 United States Grand Prix
72%
Brazil Emerson Fittipaldi 14 1970 United States Grand Prix
72%
Italy Giancarlo Fisichella 3 2003 Brazilian Grand Prix
72%
Belgium Jacky Ickx 8 1968 French Grand Prix
72%
United Kingdom Jim Clark 25 1962 Belgian Grand Prix
72%
Austria Gerhard Berger 10 1986 Mexican Grand Prix
70%
Italy Jarno Trulli 1 2004 Monaco Grand Prix
70%
Sweden Ronnie Peterson 10 1973 French Grand Prix
70%
United Kingdom James Hunt 10 1975 Dutch Grand Prix
68%
Switzerland Clay Regazzoni 5 1970 Italian Grand Prix
66%
United Kingdom John Surtees 6 1963 German Grand Prix
66%
Argentina Carlos Reutemann 12 1974 South African Grand Prix
62%
United Kingdom Eddie Irvine 4 1999 Australian Grand Prix
62%
France Jean Alesi 1 1995 Canadian Grand Prix
62%
Germany Heinz-Harald Frentzen 3 1997 San Marino Grand Prix
60%
United Kingdom Mike Hawthorn 3 1953 French Grand Prix
60%
France Olivier Panis 1 1996 Monaco Grand Prix
60%
Italy Riccardo Patrese 6 1982 Monaco Grand Prix
60%
France René Arnoux 7 1980 Brazilian Grand Prix
58%
Mexico Pedro Rodríguez 2 1967 South African Grand Prix
54%
Germany Wolfgang von Trips 2 1961 Dutch Grand Prix
52%
France Didier Pironi 3 1980 Belgian Grand Prix
48%
United Kingdom Johnny Herbert 3 1995 British Grand Prix
48%
Argentina José Froilán González 2 1951 British Grand Prix
46%
France Jacques Laffite 6 1977 Swedish Grand Prix
44%
Italy Michele Alboreto 5 1982 Caesars Palace Grand Prix
44%
Belgium Thierry Boutsen 3 1989 Canadian Grand Prix
44%
Italy Alessandro Nannini 1 1989 Japanese Grand Prix
38%
France Patrick Tambay 2 1982 German Grand Prix
38%
Italy Elio de Angelis 2 1982 Austrian Grand Prix
36%
France François Cevert 1 1971 United States Grand Prix
36%
France Jean-Pierre Jabouille 2 1979 French Grand Prix
34%
United Kingdom John Watson 5 1976 Austrian Grand Prix
34%
Brazil José Carlos Pace 1 1975 Brazilian Grand Prix
34%
United Kingdom Tony Brooks 6 1957 British Grand Prix
34%
United States Bill Vukovich 2 1953 Indianapolis 500
32%
Switzerland Jo Siffert 2 1968 British Grand Prix
32%
France Maurice Trintignant 2 1955 Monaco Grand Prix
32%
United Kingdom Peter Collins 3 1956 Belgian Grand Prix
32%
Sweden Gunnar Nilsson 1 1977 Belgian Grand Prix
30%
Sweden Joakim Bonnier 1 1959 Dutch Grand Prix
30%
France Patrick Depailler 2 1978 Monaco Grand Prix
30%
United States Dan Gurney 4 1962 French Grand Prix
28%
Italy Luigi Fagioli 1 1951 French Grand Prix
28%
Italy Luigi Musso 1 1956 Argentine Grand Prix
28%
United States Richie Ginther 1 1965 Mexican Grand Prix
28%
Italy Vittorio Brambilla 1 1975 Austrian Grand Prix
28%
Italy Giancarlo Baghetti 1 1961 French Grand Prix
24%
France Jean-Pierre Beltoise 1 1972 Monaco Grand Prix
24%
Italy Lorenzo Bandini 1 1964 Austrian Grand Prix
24%
United Kingdom Peter Gethin 1 1971 Italian Grand Prix
22%
United Kingdom Innes Ireland 1 1961 United States Grand Prix
20%
Italy Ludovico Scarfiotti 1 1966 Italian Grand Prix
20%
United States Peter Revson 2 1973 British Grand Prix
20%
Italy Piero Taruffi 1 1952 Swiss Grand Prix
20%
United States Sam Hanks 1 1957 Indianapolis 500
20%
United States Bob Sweikert 1 1955 Indianapolis 500
18%
United States Johnnie Parsons 1 1950 Indianapolis 500
18%
United States Lee Wallard 1 1951 Indianapolis 500
16%
United States Pat Flaherty 1 1956 Indianapolis 500
16%
United States Rodger Ward 1 1959 Indianapolis 500
16%
United States Troy Ruttman 1 1952 Indianapolis 500
14%
United States Jimmy Bryan 1 1958 Indianapolis 500
12%
United States Jim Rathmann 1 1960 Indianapolis 500
12%
No matching quizzes found
Score Distribution
Percent of People with Each Score
Percentile by Number Answered
Your Score History
You have not taken this quiz since the last reset